Multinational Business Finance / Fifth Edition (Record no. 915)
[ view plain ]
| 000 -LEADER | |
|---|---|
| fixed length control field | 02519cam a22002294a 4500 |
| 005 - ΗΜΕΡΟΜΗΝΙΑ ΚΑΙ ΩΡΑ ΤΕΛΕΥΤΑΙΑΣ ΕΝΗΜΕΡΩΣΗΣ | |
| Πεδίο ελέγχου | 20250605163949.0 |
| 008 - FIXED-LENGTH DATA ELEMENTS--GENERAL INFORMATION | |
| Πεδίο ελέγχου σταθερού μήκους | 250528s ||||||||||||||||||||||||d |
| 035 ## - SYSTEM CONTROL NUMBER | |
| System control number | 15325 |
| 020 ## - ISBN | |
| ISBN | 020152824X |
| 040 ## - ΠΗΓΗ ΚΑΤΑΛΟΓΟΓΡΑΦΗΣΗΣ | |
| Φορέας πρωτότυπης καταλογογράφησης | MC Athens Campus Library |
| Γλώσσα καταλογογράφησης | Ελληνικά, Μοντέρνα (1453-) |
| Modifying agency | MC Athens Campus Library |
| Κανόνες περιγραφικής καταλογογράφησης | AACR2 |
| 245 1# - ΤΙΤΛΟΣ ΚΑΙ ΔΗΛΩΣΗ ΥΠΕΥΘΥΝΟΤΗΤΑΣ | |
| Τίτλος | Multinational Business Finance / Fifth Edition |
| 250 ## - EDITION STATEMENT | |
| Edition statement | 5th |
| 260 ## - PUBLICATION, DISTRIBUTION, ETC. | |
| Name of publisher, distributor, etc. | Allyn And Bacon, |
| Date of publication, distribution, etc. | 1988 |
| 300 ## - PHYSICAL DESCRIPTION | |
| Extent | 682 |
| 505 0# - FORMATTED CONTENTS NOTE | |
| Formatted contents note | The International Financial Environment, Trends and Themes, The International Monetary System, Balance of Payments and Parity Conditions, Spot and Forward Markets, Futures and Options Markets, Foreign Exchange Risk Management, Forecasting Foreign Exchange Rates, Managing Economic Exposure, Managing Transaction Exposure, Managing Translation Exposure, Capital Markets and Financing Instruments, Global Financial Markets, Cost of Capital and Financial Structure, International Portfolio Diversification, International Banking and the International Debt Crisis, Trade Documentation: Letters of Credit and Drafts and Bills of Landing, Specialized Trade Financing: Export Credit Insurance and Forfaiting and Countertrade, Direct Foreign Investment Decisions, Direct Foreign Investment Strategy, Political Risk Management, Multinational Capital Budgeting, Management of Ongoing Operations, Current Asset Management, Performance Evaluation and Control, Glossary, Author and Subject Index. |
| 520 ## - SUMMARY, ETC. | |
| Summary, etc. | The International Financial Environment, Trends and Themes, The International Monetary System, Balance of Payments and Parity Conditions, Spot and Forward Markets, Futures and Options Markets, Foreign Exchange Risk Management, Forecasting Foreign Exchange Rates, Managing Economic Exposure, Managing Transaction Exposure, Managing Translation Exposure, Capital Markets and Financing Instruments, Global Financial Markets, Cost of Capital and Financial Structure, International Portfolio Diversification, International Banking and the International Debt Crisis, Trade Documentation: Letters of Credit and Drafts and Bills of Landing, Specialized Trade Financing: Export Credit Insurance and Forfaiting and Countertrade, Direct Foreign Investment Decisions, Direct Foreign Investment Strategy, Political Risk Management, Multinational Capital Budgeting, Management of Ongoing Operations, Current Asset Management, Performance Evaluation and Control, Glossary, Author and Subject Index. |
| 700 1# - ΠΡΟΣΘΕΤΗ ΑΝΑΓΡΑΦΗ--ΦΥΣΙΚΟ ΠΡΟΣΩΠΟ | |
| Personal name | Eiteman David K |
| 9 (RLIN) | 1223 |
| 700 1# - ΠΡΟΣΘΕΤΗ ΑΝΑΓΡΑΦΗ--ΦΥΣΙΚΟ ΠΡΟΣΩΠΟ | |
| Personal name | Stonehill Arthur I |
| 9 (RLIN) | 1224 |
| 942 ## - ADDED ENTRY ELEMENTS (KOHA) | |
| Koha item type | Books |
| Τύπος τεκμηρίου | Βιβλιοθήκη | Τρέχουσα τοποθεσία | Barcode | Αριθμός εισαγωγής | Ημερομηνία απόκτησης | Ταξιθετικό σύμβολο | Αριθμός αντιτύπου | Κατάσταση απόσυρσης | Κατάσταση χαμένου | Κατάσταση κατεστραμμένου | Μη δανεισμός | Σύνολο δανεισμών | Ημερομηνία τελευταίας εμφάνισης | Η τιμή ισχύει από |
|---|---|---|---|---|---|---|---|---|---|---|---|---|---|---|
| Books | MC Athens Campus Library | MC Athens Campus Library | 9780000009142 | 1573 | 05/06/2025 | 658.1/599 EIT | 1 | 05/06/2025 | 05/06/2025 |